Länder mit den meisten Muslimen - Statistiken

Allgemein
  • Dieses Quiz wurde 47 mal gespielt
  • Das Durchschnittsergebnis liegt bei 15 aus 20
Antwortstatistiken
Anzahl Land % Korrekt
46,6 Mio. Algerien
90%
207 Mio. Indien
90%
89,6 Mio. Iran
90%
242 Mio. Pakistan
90%
86,6 Mio. Türkei
90%
105 Mio. Ägypten
88%
246 Mio. Indonesien
88%
26,6 Mio. Saudi Arabien
88%
46,2 Mio. Irak
85%
38,2 Mio. Marokko
85%
49,3 Mio. Sudan
83%
28,5 Mio. China
78%
44,2 Mio. Afghanistan
70%
118 Mio. Nigeria
68%
35,7 Mio. Jemen
65%
23,6 Mio. Mali
65%
45,2 Mio. Äthiopien
60%
157 Mio. Bangladesch
60%
25,2 Mio. Tansania
45%
31,9 Mio. Usbekistan
45%
Keine übereinstimmenden Quizze gefunden
Verteilung der Resultate
Anzahl Personen mit jedem Resultat
Perzentil nach korrekt beantworteten Fragen
Ihre Resultats-Entwicklung
Sie haben dieses Quiz noch nicht gespielt